Marketingová komunikácia a jej miesto v strategickom riadiacom procese bakalárska práca

Salvato in:
Dettagli Bibliografici
Autore principale: Šalagovičová, Viktória
Ente Autore: Podnikovohospodárska fakulta EU so sídlom v Košiciach. Katedra marketingu a obchodu
Altri autori: Bilohuščinová, Denisa
Natura: Libro
Lingua:slovacco
Pubblicazione: Košice 2012
Tags: Aggiungi Tag
Nessun Tag, puoi essere il primo ad aggiungerne!!

MARC

LEADER 00000nbm a2200000 4500
001 0158590
005 20161109112001.0
041 0 |a slo 
044 |a SK 
245 1 0 |a Marketingová komunikácia a jej miesto v strategickom riadiacom procese  |b bakalárska práca  |c Viktória Šalagovičová ; školiteľ: Denisa Bilohuščinová 
264 1 |a Košice  |c 2012 
300 |a 67 s. 
100 1 |a Šalagovičová, Viktória 
700 1 |a Bilohuščinová, Denisa 
710 2 |a Podnikovohospodárska fakulta EU so sídlom v Košiciach. Katedra marketingu a obchodu